Introducción al estudio de la Biblia : La Biblia en su entorno /

Guardado en:
Detalles Bibliográficos
Otros autores: Sánchez Caro, José Manuel (dirección, coordinación, autor y prólogo) (dirección, coordinación, autor y prólogo), Fuente Adánez, Alfonso de la (dirección y revisión) (dirección y revisión), Aguirre Monasterio, Rafael (dirección) (dirección), Trebolle Barrera, Julio (dirección y autor) (dirección y autor), Guijarro Oporto, Santiago (dirección) (dirección), González Echegaray, Joaquín (autor) (autor), Asurmendi Ruiz, Jesús María (autor) (autor), García Martínez, Florentino (autor) (autor), Schökel, Luis Alonso (autor) (autor), Amigo Espada, Lorenzo (revisión) (revisión), Fernández-Montes, María José (colaboración) (colaboración)
Formato: Libro
Idioma:Español
Publicado: Estella, España : Valencia?, España : Verbo Divino ; Instituto San Jerónimo para la Investigación Bíblica, 1999, c1990
Edición:4a edición
Colección:(Introducción al Estudio de la Biblia ; 1)
Etiquetas: Agrega una etiqueta
Sin etiquetas, Sé el primero en etiquetar este registro!

MARC

LEADER 00000nam^a2200000^a^4500
001 000596870
005 20250602153724.0
005 20250602085102.0
009 20260310133115.142
020 |a 84-7151-691-8 
025 |a Donación Juan Lafarga Corona, 1 ejemplar 
037 |a Acervo Xavier Clavigero 
041 |a ESP 
091 |a FLC. 00063 
240 1 1 |a [Introducción al estudio de la Biblia] 
245 1 0 |a Introducción al estudio de la Biblia :  |b La Biblia en su entorno / 
250 |a 4a edición 
264 4 |a Estella, España :  |b Verbo Divino ;  |a Valencia?, España :  |b Instituto San Jerónimo para la Investigación Bíblica,  |c 1999, c1990 
300 |a 591, [11] p. 
336 |a texto  |b txt  |2 rdacontenido 
337 |a sin mediación  |b n  |2 rdamedio 
338 |a volumen  |b nc  |2 rdasoporte 
440 1 |a (Introducción al Estudio de la Biblia ;  |v 1) 
649 |a XX 
740 3 |a La Biblia en su entorno / 
700 |a Sánchez Caro, José Manuel  |e (dirección, coordinación, autor y prólogo) 
700 |a Fuente Adánez, Alfonso de la  |e (dirección y revisión) 
700 |a Aguirre Monasterio, Rafael  |e (dirección) 
700 |a Trebolle Barrera, Julio  |e (dirección y autor) 
700 |a Guijarro Oporto, Santiago  |e (dirección) 
700 |a González Echegaray, Joaquín  |e (autor) 
700 |a Asurmendi Ruiz, Jesús María  |e (autor) 
700 |a García Martínez, Florentino  |e (autor) 
700 |a Schökel, Luis Alonso  |e (autor) 
700 |a Amigo Espada, Lorenzo  |e (revisión) 
700 |a Fernández-Montes, María José  |e (colaboración) 
910 |a Fondo Juan Lafarga Corona S.J. 
920 |a Impresos - Libros 
930 |a Fondos Especiales 
905 |a 145 
901 |a 596870-10  |b IT2  |c ESL  |i D  |u 20250521 
902 |a https://opac.biblio.iteso.mx/vufind/Record/000596870